Extremely Hard General Knowledge #6 - Statistics

General Stats
  • This quiz has been taken 1,669 times
  • The average score is 6 of 20
Answer Stats
Hint Answer % Correct
Which language of the Philippines has the most speakers? Tagalog
69%
Who was the first president to live in the Whitehouse? John Adams
57%
What is the capital and most populous city in Uzbekistan? Tashkent
53%
What is the name of a kitchen on a boat? Galley
51%
What is the largest dam on the river Nile? Aswan Dam
49%
What is the name of the final book in the New Testament? Revelation
48%
How many elements are in the periodic table? 118
46%
Who served as president of Syria from 2000 until his government was overthrown in 2024? Bashar al-Assad
46%
In which year was the NHS founded in England? 1948
41%
In which city was the peace conference that remade Europe after the downfall of Napoleon? Vienna
32%
What is the name of a cocktail containing vodka, ginger beer, and lime? Moscow Mule
26%
Who was the lead singer of Talking Heads until their official break-up in 1991? David Byrne
23%
Who was the manager of the Chicago Bulls who helped them 6 NBA Titles in 8 years in the 1990s Phil Jackson
22%
Who won their first and only La Liga title in the 1999/00 season? Deportivo la Coruna
17%
What is the largest Indian state by area? Rajasthan
17%
Which film won the Oscar for Best Original Song in 1970 for "Raindrops Keep Fallin' on my Head" Butch Cassidy and the Sundance Kid (1969)
16%
Which Mughal emperor commissioned the building of the Taj Mahal in 1632? Shah Jahan
12%
What is the name of the actor who plays Ken Barlow in Coronation Street, the only character to still be in the show since its inception in 1960? William Roache
9%
What is the name of a baby alpaca? Cria
3%
With only 118 days as leader before his death in 1827, which UK Prime Minister had the shortest reigning term, until Liz Truss in 2022? George Canning
3%
No matching quizzes found
Score Distribution
Percent of People with Each Score
Percentile by Number Answered
Your Score History
You have not taken this quiz